Central Library OPAC University of Rajshahi
Normal view MARC view

Entry Topical Term

Number of records used in: 2

001 - CONTROL NUMBER

  • control field: 12184

003 - CONTROL NUMBER IDENTIFIER

  • control field: BD-RjUL

005 - DATE AND TIME OF LATEST TRANSACTION

  • control field: 20240311094635.0

008 - FIXED-LENGTH DATA ELEMENTS

  • fixed length control field: 240311|| aca||aabn | a|a d

040 ## - CATALOGING SOURCE

  • Original cataloging agency: BD-RjUL
  • Transcribing agency: BD-RjUL

150 ## - HEADING--TOPICAL TERM

  • Topical term or geographic name entry element: Development Agenda
  • General subdivision: Policy Ownership

670 ## - SOURCE DATA FOUND

  • Source citation: Work cat.: (BD-RjUL)83289: RAHMAN, Md. Mizanur 1258, DEVELOPMENT AGENDA AND POLICY OWNERSHIP : , 2009